[Event "Xtracon Chess Open 2017"]
[Site "Helsingor DEN"]
[Date "2017.07.25"]
[Round "5.95"]
[White "Jarlnaes, Erik"]
[Black "Molvig, Henrik"]
[Result "0-1"]
[BlackTitle "CM"]
[WhiteElo "1880"]
[BlackElo "2090"]
[WhiteFideId "1414623"]
[BlackFideId "1402625"]
[EventDate "2017.07.22"]

1. c4 Nf6 2. Nc3 g6 3. g3 Bg7 4. Bg2 O-O 5. Nf3 d6 6. d3 Nc6 7. O-O e5 8. Bg5 h6
9. Bd2 Be6 10. Qc1 Kh7 11. Rb1 a5 12. a3 Nd7 13. b4 axb4 14. axb4 Ne7 15. Ne1 c6
16. Ne4 d5 17. Nd6 Qc7 18. c5 Nc8 19. Nxc8 Rfxc8 20. Nc2 Qd8 21. Qb2 b6 22. cxb6
Nxb6 23. Na3 Na4 24. Qc1 f5 25. e3 g5 26. Bc3 Qe7 27. d4 e4 28. f4 exf3 29. Rxf3
Bf7 30. Bd2 Bg6 31. Qe1 Qe4 32. Rb3 Re8 33. b5 Reb8 34. Rf1 Qe6 35. Qd1 c5 36.
Bc3 Qxe3+ 37. Kh1 Nxc3 38. Qf3 cxd4 39. Rxc3 Qxc3 0-1

[Event "Xtracon Chess Open 2017"]
[Site "Helsingor DEN"]
[Date "2017.07.25"]
[Round "5.96"]
[White "Holinka, Henning"]
[Black "Kalveus, Jan"]
[Result "1-0"]
[WhiteElo "2087"]
[BlackElo "1856"]
[WhiteFideId "12967084"]
[BlackFideId "1721682"]
[EventDate "2017.07.22"]

1. e4 e6 2. d4 d5 3. Nc3 Bb4 4. e5 Ne7 5. a3 Ba5 6. b4 Bb6 7. Nf3 a5 8. Na4 Bd7
9. Nxb6 cxb6 10. b5 Qc7 11. Bd2 O-O 12. Bd3 f6 13. Qe2 f5 14. Ng5 Qc8 15. Qh5 h6
16. Nh3 Qe8 17. Qe2 Qf7 18. Nf4 Be8 19. h4 g6 20. Qe3 h5 21. Rh3 Kh8 22. Rg3 Qh7
23. Nxe6 Rg8 24. Qg5 Nd7 25. Nf4 Qg7 26. Ne6 Qh7 27. a4 Qf7 28. Qh6+ Qh7 29.
Qxh7+ Kxh7 30. Bg5 Nc8 31. Nc7 Rb8 32. Nxd5 Bf7 33. Nf4 Re8 34. Nxh5 1-0

[Event "Xtracon Chess Open 2017"]
[Site "Helsingor DEN"]
[Date "2017.07.25"]
[Round "5.97"]
[White "Fossan, Benjamin"]
[Black "Petersson, Baldur Teodor"]
[Result "1/2-1/2"]
[WhiteElo "1855"]
[BlackElo "2086"]
[WhiteFideId "1518100"]
[BlackFideId "2309157"]
[EventDate "2017.07.22"]

1. c4 Nf6 2. Nc3 g6 3. g3 Bg7 4. Bg2 O-O 5. e4 d6 6. Nge2 c5 7. O-O Nc6 8. a3 a6
9. Rb1 Nd7 10. b4 Nde5 11. d3 b5 12. f4 cxb4 13. axb4 Qb6+ 14. c5 dxc5 15. Nd5
Qa7 16. fxe5 Nxb4 17. Nxb4 cxb4+ 18. Kh1 Bxe5 19. Rxb4 Bg4 20. Bf3 Bh3 21. Rg1
Bd6 22. Rb2 Bc5 23. d4 Rfd8 24. Be3 e5 25. Rd2 exd4 26. Bxd4 Be6 27. Bxc5 Rxd2
28. Bxa7 Rxd1 29. Rxd1 Rxa7 30. Nf4 Bc4 31. Be2 Bxe2 32. Nxe2 b4 33. Ra1 a5 34.
Nd4 a4 35. Rb1 a3 36. Rxb4 a2 37. Nb3 Ra3 38. Na1 Rc3 39. Kg2 Rc1 40. Nb3 Rc2+
41. Kh3 Rb2 42. Ra4 Rxb3 43. Rxa2 Re3 44. Ra4 h5 45. Kh4 Kg7 46. g4 Kh6 47. gxh5
gxh5 48. Ra6+ Kg7 49. Kxh5 1/2-1/2

[Event "Xtracon Chess Open 2017"]
[Site "Helsingor DEN"]
[Date "2017.07.25"]
[Round "5.98"]
[White "Stam, Bart"]
[Black "Winfridsson, Hakan"]
[Result "1/2-1/2"]
[WhiteElo "1854"]
[BlackElo "2081"]
[WhiteFideId "1006240"]
[BlackFideId "1706292"]
[EventDate "2017.07.22"]

1. e4 c5 2. Nf3 Nc6 3. Bb5 Nf6 4. Nc3 e6 5. O-O Be7 6. e5 Nd5 7. Nxd5 exd5 8.
Re1 O-O 9. d4 Qb6 10. Bd3 Nxd4 11. Nxd4 cxd4 12. Qh5 g6 13. Qh6 d6 14. e6 Bxe6
15. Rxe6 fxe6 16. Bxg6 hxg6 17. Qxg6+ Kh8 18. Qh6+ Kg8 19. Qg6+ Kh8 20. Qh6+ 1/2-1/2

[Event "Xtracon Chess Open 2017"]
[Site "Helsingor DEN"]
[Date "2017.07.25"]
[Round "5.99"]
[White "Verhasselt, Karsten"]
[Black "Jarve, Edvin"]
[Result "1-0"]
[WhiteElo "2079"]
[BlackElo "1843"]
[WhiteFideId "228893"]
[BlackFideId "1519824"]
[EventDate "2017.07.22"]

1. e4 e6 2. d4 d5 3. Nc3 Nf6 4. Bg5 dxe4 5. Nxe4 Be7 6. Nxf6+ Bxf6 7. Bxf6 Qxf6
8. Nf3 O-O 9. Bd3 c5 10. c3 cxd4 11. Nxd4 e5 12. Nb3 Bf5 13. Bxf5 Qxf5 14. O-O
Nc6 15. Qe2 a6 16. Nc5 b5 17. a4 e4 18. Nxe4 bxa4 19. Rxa4 Qb5 20. Qxb5 axb5 21.
Raa1 Na5 22. Nd6 Nb3 23. Rxa8 Rxa8 24. Nxb5 Ra2 25. Re1 h5 26. h4 Rxb2 27. Nd6
Rc2 28. Re8+ Kh7 29. Re5 Rxc3 30. Nxf7 Rc5 31. Re6 Rc8 32. Ng5+ Kg8 33. Re7 Nd4
34. f3 Nf5 35. Ra7 Nxh4 36. Ne6 Nf5 37. g4 hxg4 38. fxg4 Ng3 39. Rxg7+ Kh8 40.
g5 Nf5 41. Rf7 Re8 42. Nf4 Nh4 43. Kf2 Kg8 44. Ra7 Nf5 45. Nd5 Rd8 46. Nf6+ Kf8
47. Kf3 Ng7 48. g6 1-0

[Event "Xtracon Chess Open 2017"]
[Site "Helsingor DEN"]
[Date "2017.07.25"]
[Round "5.100"]
[White "Lodahl, Holger Ronnow"]
[Black "Stray, Gunnar"]
[Result "1-0"]
[WhiteElo "1838"]
[BlackElo "2078"]
[WhiteFideId "1427342"]
[BlackFideId "1501631"]
[EventDate "2017.07.22"]

1. d4 f5 2. g3 Nf6 3. Bg2 e6 4. Nh3 Be7 5. Nf4 c6 6. O-O O-O 7. Nd2 d5 8. Nf3 c5
9. e3 Nc6 10. b3 Bd7 11. Bb2 Rc8 12. Ng5 Qb6 13. Ngxe6 Rfe8 14. dxc5 Bxc5 15.
Nxc5 Qxc5 16. Bxf6 gxf6 17. Qxd5+ Qxd5 18. Nxd5 Kg7 19. c4 Ne5 20. Nf4 Bc6 21.
Bxc6 Rxc6 22. Rfd1 Re7 23. Kg2 a5 24. Rd8 a4 25. Nd5 Rf7 26. h3 Ra6 27. Rb1 axb3
28. axb3 Ra2 29. Nf4 Rc7 30. Ne6+ 1-0

[Event "Xtracon Chess Open 2017"]
[Site "Helsingor DEN"]
[Date "2017.07.25"]
[Round "5.101"]
[White "Vesterli, Michael E."]
[Black "Hansen, Simon L."]
[Result "1-0"]
[WhiteElo "2073"]
[BlackElo "1819"]
[WhiteFideId "1417339"]
[BlackFideId "1446894"]
[EventDate "2017.07.22"]

1. d4 Nf6 2. c4 c5 3. d5 b5 4. cxb5 a6 5. bxa6 Bxa6 6. Nc3 d6 7. g3 g6 8. Bg2
Bg7 9. Nf3 O-O 10. O-O Qb6 11. Rb1 Nbd7 12. h3 Rfb8 13. b3 Ne8 14. Bd2 Nc7 15.
Re1 Bb7 16. Na4 Qa7 17. e4 Ba6 18. Bg5 Nb5 19. Bxe7 Nb6 20. Bg5 Na3 21. Nxb6
Qxb6 22. Rc1 Bc8 23. Qd2 Nb5 24. e5 dxe5 25. Nxe5 f6 26. Nc4 1-0

[Event "Xtracon Chess Open 2017"]
[Site "Helsingor DEN"]
[Date "2017.07.25"]
[Round "5.102"]
[White "Rasmussen, Morten1"]
[Black "Andersson, Kaj"]
[Result "1/2-1/2"]
[WhiteElo "1838"]
[BlackElo "2063"]
[WhiteFideId "1410865"]
[BlackFideId "1709860"]
[EventDate "2017.07.22"]

1. d4 d5 2. c4 c6 3. Nf3 Nf6 4. e3 Nbd7 5. b3 Ne4 6. Bd3 Ndf6 7. O-O Bg4 8. Nbd2
e6 9. Qc2 Bf5 10. Rd1 Be7 11. h3 h6 12. Bb2 O-O 13. Ne5 Rc8 14. Rac1 Nd6 15. Ba3
Bxd3 16. Qxd3 Nde4 17. Bxe7 Qxe7 18. c5 Nxd2 19. Rxd2 Nd7 20. Nxd7 Qxd7 21. b4
a6 22. Rb2 f5 23. f4 Rc7 24. a4 Qf7 25. Qe2 g5 26. g3 Qf6 27. Kh2 Rg7 28. Rg1
Kh7 29. Qd1 Rfg8 30. Rbg2 Qf7 31. a5 h5 32. Qe1 Qf6 33. Qf2 g4 34. h4 1/2-1/2

[Event "Xtracon Chess Open 2017"]
[Site "Helsingor DEN"]
[Date "2017.07.25"]
[Round "5.103"]
[White "Salerno, Christian"]
[Black "Calderon, Paul"]
[Result "1/2-1/2"]
[WhiteElo "2056"]
[BlackElo "1814"]
[WhiteFideId "1310810"]
[BlackFideId "2082160"]
[EventDate "2017.07.22"]

1. e4 c5 2. Nf3 Nc6 3. d4 cxd4 4. Nxd4 e5 5. Nb5 d6 6. c4 Be7 7. N1c3 a6 8. Na3
Nf6 9. Be2 O-O 10. Nc2 Be6 11. O-O Ne8 12. Be3 Bg5 13. Qd2 Bxe3 14. Nxe3 Nd4 15.
Rac1 Kh8 16. Rfd1 g6 17. Nc2 Nxc2 18. Rxc2 Qh4 19. g3 Qh3 20. Nd5 f5 21. c5 fxe4
22. Bf1 Qh5 23. cxd6 Rd8 24. Be2 Qf5 25. Qe3 Rxd6 26. Nc7 Rxd1+ 27. Bxd1 Bxa2
28. Nxe8 Rxe8 29. Rc7 Rd8 30. Be2 b5 31. Qh6 Bf7 32. Qe3 Rd4 33. Qa3 Kg7 34.
Qxa6 Rb4 35. Bxb5 Rxb2 36. Be2 Kh6 37. Rc3 Rb1+ 38. Kg2 Be6 39. g4 Qf7 40. Rh3+
Kg7 41. Qd6 Kf6 42. Bc4 Rb7 43. Re3 1/2-1/2

[Event "Xtracon Chess Open 2017"]
[Site "Helsingor DEN"]
[Date "2017.07.25"]
[Round "5.104"]
[White "Ingebretsen, Jens E"]
[Black "Naesborg, Jens-Ole"]
[Result "1/2-1/2"]
[WhiteElo "2053"]
[BlackElo "1808"]
[WhiteFideId "1522965"]
[BlackFideId "1443577"]
[EventDate "2017.07.22"]

1. e4 d5 2. exd5 Nf6 3. b3 Qxd5 4. Nf3 Bg4 5. Be2 Nbd7 6. O-O e6 7. c4 Qh5 8. d4
Bd6 9. h3 Bxh3 10. gxh3 Qxh3 11. c5 Qg4+ 12. Kh1 Qh3+ 13. Kg1 Qg4+ 1/2-1/2

[Event "Xtracon Chess Open 2017"]
[Site "Helsingor DEN"]
[Date "2017.07.25"]
[Round "5.105"]
[White "Saren, Bjorn"]
[Black "Sebastian, Andreas"]
[Result "1/2-1/2"]
[WhiteElo "2051"]
[BlackElo "1800"]
[WhiteFideId "1712071"]
[BlackFideId "1529498"]
[EventDate "2017.07.22"]

1. e4 c5 2. Nf3 e6 3. d4 cxd4 4. Nxd4 Nc6 5. Nc3 Qc7 6. Be3 a6 7. g3 Nf6 8. Bg2
Bb4 9. Nxc6 bxc6 10. Qd4 c5 11. Qc4 d5 12. exd5 exd5 13. Qf4 Ra7 14. O-O Be6 15.
Rfd1 Bxc3 16. bxc3 O-O 17. Qa4 Rc8 18. Rab1 Qe5 19. Qa3 Ne4 20. Rd3 Rb8 21. Rbd1
Rab7 22. Bf4 Qf5 23. Bxb8 Qxf2+ 24. Kh1 Qxc2 25. Bxe4 Rb1 26. Qb3 Rxd1+ 27. Rxd1
Qxe4+ 28. Kg1 Qe3+ 29. Kg2 Qe2+ 30. Kg1 Qe3+ 31. Kg2 Bg4 32. Qxd5 Qe2+ 33. Kg1
Qxd1+ 34. Qxd1 Bxd1 35. Bd6 c4 36. Kf2 1/2-1/2

[Event "Xtracon Chess Open 2017"]
[Site "Helsingor DEN"]
[Date "2017.07.25"]
[Round "5.106"]
[White "Kyrkjebo, Marte B."]
[Black "Skjoldager, Mikael"]
[Result "0-1"]
[WhiteElo "1833"]
[BlackElo "2050"]
[WhiteFideId "1511602"]
[BlackFideId "1434314"]
[EventDate "2017.07.22"]

1. e4 e5 2. Nf3 Nc6 3. d4 exd4 4. Nxd4 Nf6 5. Nxc6 bxc6 6. e5 Qe7 7. Qe2 Nd5 8.
c4 Nb6 9. Nc3 Qe6 10. Qe4 g6 11. Bd3 Bg7 12. f4 d5 13. cxd5 cxd5 14. Qf3 a6 15.
O-O O-O 16. Qg3 c5 17. b3 Bb7 18. Ba3 Rfc8 19. Rae1 f5 20. exf6 Qxf6 21. Bb2 Qd6
22. Nd1 d4 23. Nf2 Rf8 24. Ne4 Bxe4 25. Bxe4 Rad8 26. Bd3 Nd5 27. Bc1 Kh8 28.
Qh4 Ne3 29. Rf3 Rde8 30. Kh1 Bf6 31. Qf2 Ng4 32. Qg3 Rxe1+ 33. Qxe1 Qd7 34. h3
Re8 35. Qg3 Nh6 36. Rf1 Qe7 37. Bd2 Bh4 38. Qf3 Nf5 39. Bxf5 gxf5 40. g3 Bf6 41.
Re1 Qd7 42. Qf2 Qd5+ 43. Kg1 Re4 44. g4 d3 45. Kh2 Bd4 46. Qh4 Rxe1 47. Qxe1 Qe4
48. Qf1 Be3 49. Bc3+ Kg8 50. Qd1 Bxf4+ 51. Kg1 Qe3+ 52. Kg2 Qg3+ 53. Kf1 Qxh3+
54. Kf2 Qh2+ 55. Kf1 Qh1+ 0-1

[Event "Xtracon Chess Open 2017"]
[Site "Helsingor DEN"]
[Date "2017.07.25"]
[Round "5.107"]
[White "Roder, Peter Ulrik"]
[Black "Nettelbeck, Jann"]
[Result "1-0"]
[WhiteElo "2048"]
[BlackElo "1790"]
[WhiteFideId "1402471"]
[BlackFideId "12975672"]
[EventDate "2017.07.22"]

1. d4 d5 2. c4 e5 3. dxe5 d4 4. Nf3 Nc6 5. g3 Bg4 6. Bg2 Qd7 7. Qa4 Nge7 8. O-O
Ng6 9. Rd1 Bxf3 10. Bxf3 Ngxe5 11. Bg2 Be7 12. Nc3 O-O 13. Nd5 a5 14. Bf4 Bd6
15. Rac1 b6 16. Bxe5 Nxe5 17. Qxd7 Nxd7 18. Rxd4 Be5 19. Ne7+ Kh8 20. Rxd7 Bxb2
21. Rb1 1-0

[Event "Xtracon Chess Open 2017"]
[Site "Helsingor DEN"]
[Date "2017.07.25"]
[Round "5.108"]
[White "Dishman, Matthew"]
[Black "Crevatin, Leo"]
[Result "1/2-1/2"]
[WhiteElo "1824"]
[BlackElo "2044"]
[WhiteFideId "438642"]
[BlackFideId "1726307"]
[EventDate "2017.07.22"]

1. e4 c5 2. Nf3 Nc6 3. Bb5 d6 4. O-O Bd7 5. Re1 Nf6 6. c3 a6 7. Bf1 Bg4 8. h3
Bxf3 9. Qxf3 g6 10. d3 Bg7 11. Be3 Nd7 12. Nd2 b5 13. Qd1 O-O 14. Nf3 Nb6 15. d4
cxd4 16. cxd4 d5 17. e5 Qd7 18. Bf4 e6 19. b3 Rac8 20. Qd2 Qe7 21. Rac1 Qa3 22.
Bg5 Rfe8 23. Bf6 Nd7 24. Bxg7 Kxg7 25. h4 h5 26. Red1 Qe7 27. Re1 Qa3 28. g3 Nb4
29. Kg2 Nc6 1/2-1/2

[Event "Xtracon Chess Open 2017"]
[Site "Helsingor DEN"]
[Date "2017.07.25"]
[Round "5.109"]
[White "Thaler, Toni"]
[Black "Frederiksen Kristian, Pade"]
[Result "1/2-1/2"]
[WhiteElo "2041"]
[BlackElo "1783"]
[WhiteFideId "1303864"]
[BlackFideId "1435205"]
[EventDate "2017.07.22"]

1. d4 Nf6 2. c4 g6 3. f3 Bg7 4. e4 O-O 5. Ne2 d6 6. Nbc3 a6 7. Be3 Nc6 8. Qd2
Rb8 9. Nc1 e5 10. d5 Nd4 11. N1e2 Nxe2 12. Bxe2 Nh5 13. O-O-O f5 14. Kb1 Nf4 15.
Bf1 Bd7 16. c5 Rf7 17. b4 Qe8 18. Bc4 Kh8 19. cxd6 cxd6 20. Kb2 Rc8 21. Bb3 Bb5
22. Nxb5 Qxb5 23. a4 Qe2 24. Qxe2 Nxe2 25. Rd2 Nd4 26. Bxd4 1/2-1/2

[Event "Xtracon Chess Open 2017"]
[Site "Helsingor DEN"]
[Date "2017.07.25"]
[Round "5.110"]
[White "Amin, Idris"]
[Black "Brondum, Eric"]
[Result "0-1"]
[BlackTitle "FM"]
[WhiteElo "1819"]
[BlackElo "2040"]
[WhiteFideId "1746022"]
[BlackFideId "1400894"]
[EventDate "2017.07.22"]

1. e4 c5 2. Nf3 d6 3. d4 cxd4 4. Nxd4 Nf6 5. Nc3 g6 6. Be3 Bg7 7. Qd2 a6 8. h3
b5 9. f3 Bb7 10. O-O-O Nbd7 11. Kb1 Rc8 12. Nce2 Ne5 13. Nf4 Nc4 14. Bxc4 bxc4
15. Nde6 fxe6 16. Nxe6 Qd7 17. Nxg7+ Kf7 18. e5 c3 19. Qe2 Kxg7 20. exf6+ exf6
21. b3 Rhe8 22. Qf2 a5 23. Rd4 Bc6 24. Rhd1 d5 25. a4 Rb8 26. Ka2 Rb4 27. Rxb4
axb4 28. a5 Qe6 29. Re1 g5 30. Bd2 cxd2 31. Rxe6 d1=Q 32. Rxc6 Re1 33. Qxe1 Qxe1
34. a6 Qc1 35. Rc7+ Kg6 36. a7 Qa3+ 37. Kb1 d4 38. Rd7 d3 39. Rxd3 Qxa7 40. Rd2
h5 41. Kc1 Qa1# 0-1

[Event "Xtracon Chess Open 2017"]
[Site "Helsingor DEN"]
[Date "2017.07.25"]
[Round "5.111"]
[White "Kvaloy, Aksel Bu"]
[Black "Bjorneboe, Kristian"]
[Result "0-1"]
[WhiteElo "1818"]
[BlackElo "2023"]
[WhiteFideId "1528815"]
[BlackFideId "1424718"]
[EventDate "2017.07.22"]

1. e4 c6 2. d4 d5 3. Nc3 dxe4 4. Nxe4 Bf5 5. Ng3 Bg6 6. h4 h6 7. Nf3 Nd7 8. h5
Bh7 9. Bd3 Bxd3 10. Qxd3 e6 11. c3 Ngf6 12. Bd2 Bd6 13. O-O-O Qc7 14. Ne4 Nxe4
15. Qxe4 Nf6 16. Qe2 O-O-O 17. c4 Bf4 18. Be3 Bxe3+ 19. fxe3 Ne4 20. Qc2 Nf6 21.
e4 Qf4+ 22. Nd2 Rxd4 23. Kb1 Rhd8 24. Rhf1 Rxd2 25. Qxd2 Qxd2 26. Rxd2 Rxd2 27.
e5 Nd7 28. Rxf7 Rxg2 29. Re7 Nxe5 30. Rxe6 Nxc4 31. b3 Kd7 32. Re1 Nd6 33. Rh1
Ne4 34. Rd1+ Kc7 35. Re1 Nf6 36. Re7+ Kb6 37. a4 Nxh5 38. b4 Rg4 39. a5+ Ka6 40.
b5+ cxb5 41. Kb2 Nf6 42. Kc3 Nd5+ 0-1

[Event "Xtracon Chess Open 2017"]
[Site "Helsingor DEN"]
[Date "2017.07.25"]
[Round "5.112"]
[White "Slettebo, Jan"]
[Black "Norevall, Ulf"]
[Result "0-1"]
[WhiteElo "2021"]
[BlackElo "1769"]
[WhiteFideId "1704958"]
[BlackFideId "1705555"]
[EventDate "2017.07.22"]

1. e4 c5 2. Nf3 Nc6 3. d4 cxd4 4. Nxd4 Nf6 5. Nc3 e5 6. Ndb5 d6 7. Nd5 Nxd5 8.
exd5 Nb8 9. c4 Bd7 10. Nc3 Na6 11. Be2 Be7 12. O-O O-O 13. Be3 Bg5 14. Qd2 Bxe3
15. Qxe3 Nb4 16. Rac1 a5 17. f4 exf4 18. Qxf4 Qb6+ 19. Kh1 Rae8 20. Rf3 Nxa2 21.
Nxa2 Rxe2 22. Nc3 Re5 23. Ne4 Qxb2 24. Nxd6 f6 25. Rf2 0-1

[Event "Xtracon Chess Open 2017"]
[Site "Helsingor DEN"]
[Date "2017.07.25"]
[Round "5.113"]
[White "Jensen, Thore Nyboe"]
[Black "Skovgaard, Emil"]
[Result "1-0"]
[WhiteElo "2016"]
[BlackElo "1764"]
[WhiteFideId "1405349"]
[BlackFideId "1450972"]
[EventDate "2017.07.22"]

1. e4 c5 2. Nf3 d6 3. d4 cxd4 4. Nxd4 Nf6 5. Nc3 g6 6. Be3 Bg7 7. f3 O-O 8. Bc4
Nc6 9. Qd2 Bd7 10. O-O-O Rc8 11. Bb3 Ne5 12. Kb1 Nc4 13. Bxc4 Rxc4 14. g4 a6 15.
h4 h5 16. Nd5 Ra4 17. Nxf6+ Bxf6 18. gxh5 gxh5 19. Rhg1+ Kh7 20. e5 Bxe5 21. Rg5
f6 22. Rxh5+ Kg6 23. Qg2+ Kf7 24. Rh7+ 1-0

[Event "Xtracon Chess Open 2017"]
[Site "Helsingor DEN"]
[Date "2017.07.25"]
[Round "5.114"]
[White "Hansen, Tommy"]
[Black "Schmied, Andreas"]
[Result "0-1"]
[WhiteElo "1785"]
[BlackElo "2010"]
[WhiteFideId "1511009"]
[BlackFideId "4625897"]
[EventDate "2017.07.22"]

1. e4 e5 2. Nf3 Nc6 3. d4 exd4 4. Bc4 Nf6 5. e5 d5 6. Bb5 Ne4 7. Nxd4 Bc5 8. Be3
O-O 9. Nxc6 bxc6 10. Bxc5 Nxc5 11. Bxc6 Rb8 12. Qxd5 Qe7 13. O-O Rxb2 14. Nc3
Rxc2 15. Na4 Rd8 16. Qf3 Qxe5 17. Rac1 Rxc1 18. Rxc1 Ne6 19. Nc3 Qg5 20. Qe3
Qxe3 21. fxe3 Kf8 22. Rc2 Bd7 23. Bd5 c6 24. Bb3 Nc5 25. Bc4 Rb8 26. Ne2 Rb1+
27. Rc1 Rxc1+ 28. Nxc1 Ke7 29. Kf1 Be6 30. Be2 Kd6 31. Ke1 Ne4 32. Bf3 Nc3 33.
a3 a5 34. Nd3 Nb5 35. a4 Nc3 36. Nb2 Bb3 37. Kd2 Nxa4 38. Nd3 Nc5 39. Nxc5 Kxc5
40. Kc3 Bd5 41. e4 Be6 42. Bd1 Kd6 43. Ba4 c5 44. Bb5 Bd7 45. Bc4 f6 46. Bg8 h6
47. Bf7 Bb5 48. Bh5 Ke5 49. Bg6 a4 50. g3 Bc6 51. Kc4 Bxe4 52. Bf7 Kd6 53. Kb5 0-1

[Event "Xtracon Chess Open 2017"]
[Site "Helsingor DEN"]
[Date "2017.07.25"]
[Round "5.115"]
[White "French, Max"]
[Black "Merkesvik, Amalie Isabel"]
[Result "1/2-1/2"]
[WhiteElo "2001"]
[BlackElo "1754"]
[WhiteFideId "426652"]
[BlackFideId "1514369"]
[EventDate "2017.07.22"]

1. d4 d5 2. c4 c6 3. cxd5 cxd5 4. Nc3 e6 5. Bf4 Nc6 6. e3 Bd6 7. Bxd6 Qxd6 8. f4
Nge7 9. Nf3 Bd7 10. Bd3 f6 11. O-O O-O 12. a3 Be8 13. b4 a6 14. Nd2 Bf7 15. Nb3
e5 16. Na4 b5 17. Nac5 exd4 18. exd4 Nc8 19. Qc2 h6 20. Rac1 Nd8 21. Na5 Nb6 22.
Bf5 Nc4 23. Rf3 Re8 24. Qd3 Ra7 25. Bc8 Bh5 1/2-1/2

[Event "Xtracon Chess Open 2017"]
[Site "Helsingor DEN"]
[Date "2017.07.25"]
[Round "5.116"]
[White "Svanholm, Borge Waaktaar"]
[Black "Quinn, David"]
[Result "1/2-1/2"]
[WhiteElo "1761"]
[BlackElo "2001"]
[WhiteFideId "1504835"]
[BlackFideId "2401452"]
[EventDate "2017.07.22"]

1. c4 Nf6 2. Nc3 g6 3. Nf3 Bg7 4. d4 O-O 5. g3 d6 6. Bg2 Nc6 7. O-O a6 8. h3 Rb8
9. e4 Bd7 10. Re1 b5 11. cxb5 axb5 12. b3 b4 13. Na4 Qc8 14. Kh2 Na5 15. Nb2 c5
16. dxc5 dxc5 17. Qc2 Rd8 18. Bf4 Rb6 19. Rac1 Rc6 20. Ne5 Ra6 21. Nxd7 Nxd7 22.
Re2 Nc6 23. Qb1 Bc3 24. Nd1 Bg7 25. Be3 Nd4 26. Rd2 Qa8 27. f4 Qa7 28. e5 Nf8
29. Nf2 Nfe6 30. Ne4 Rc8 31. Bxd4 Nxd4 32. Rxd4 Rxa2 33. Rdc4 Qa6 34. R4c2 Rxc2
35. Rxc2 c4 36. bxc4 f6 37. exf6 exf6 38. f5 gxf5 39. Nd2 f4 40. gxf4 Bh6 41.
Bd5+ Kf8 42. Qb3 Bxf4+ 43. Kg2 Qa5 44. Qf3 Be5 45. Qg4 Rc7 46. Qg8+ Ke7 47. Qe6+
Kd8 48. Qg8+ Ke7 49. Qe6+ Kd8 50. Qg8+ 1/2-1/2

[Event "Xtracon Chess Open 2017"]
[Site "Helsingor DEN"]
[Date "2017.07.25"]
[Round "5.117"]
[White "Rendlev, Niels Moller"]
[Black "Fossan, Andreas"]
[Result "0-1"]
[WhiteElo "1756"]
[BlackElo "1998"]
[WhiteFideId "1409042"]
[BlackFideId "1516108"]
[EventDate "2017.07.22"]

1. e4 e6 2. d4 d5 3. Nd2 Nf6 4. exd5 exd5 5. Ngf3 Bd6 6. Be2 O-O 7. O-O Nc6 8.
Re1 Re8 9. Nf1 Ne7 10. Bg5 Ng6 11. Qd2 h6 12. Bxf6 Qxf6 13. Bb5 Re6 14. Ne3 c6
15. Bd3 Re8 16. c3 Bd7 17. Qc2 Rad8 18. Nf5 Bc7 19. Rxe8+ Rxe8 20. Re1 Rxe1+ 21.
Nxe1 Nf4 22. Ng3 g6 23. Bf1 h5 24. Nd3 h4 25. Nxf4 Qxf4 0-1

[Event "Xtracon Chess Open 2017"]
[Site "Helsingor DEN"]
[Date "2017.07.25"]
[Round "5.118"]
[White "Dittrich, Hans-Georg"]
[Black "Marthedal, Anton Mehmet Yildiz"]
[Result "0-1"]
[WhiteElo "1742"]
[BlackElo "1993"]
[WhiteFideId "12923591"]
[BlackFideId "1441540"]
[EventDate "2017.07.22"]

1. e4 c6 2. d4 d5 3. exd5 cxd5 4. Bd3 Nf6 5. c3 Bg4 6. Qb3 Qc7 7. Ne2 Bxe2 8.
Bxe2 e6 9. Na3 Bxa3 10. Qxa3 Qe7 11. b3 Qxa3 12. Bxa3 Nc6 13. O-O Kd7 14. Bb2
Rhd8 15. f4 g6 16. Bf3 Ne4 17. g4 Nd2 18. Rf2 Nxf3+ 19. Rxf3 f5 20. g5 Rac8 21.
Rh3 Rh8 22. Re1 a6 23. Ba3 Na7 24. Rhe3 Rce8 25. c4 Nc6 26. Bc5 h6 27. gxh6 Rxh6
28. cxd5 Nd8 29. Re5 Rh4 30. dxe6+ Rxe6 31. Rxe6 Nxe6 32. Re5 Rxf4 33. Rd5+ Kc7
34. Bd6+ Kc6 35. Bxf4 Kxd5 36. Be5 Nxd4 37. Bf6 Ne2+ 38. Kf1 Nc1 0-1

[Event "Xtracon Chess Open 2017"]
[Site "Helsingor DEN"]
[Date "2017.07.25"]
[Round "5.119"]
[White "Henningsen, Lasse"]
[Black "Hafstad, Leif"]
[Result "1/2-1/2"]
[WhiteElo "1988"]
[BlackElo "1735"]
[WhiteFideId "1425315"]
[BlackFideId "438030"]
[EventDate "2017.07.22"]

1. e4 e6 2. d4 d5 3. Nc3 Nf6 4. Bg5 Bb4 5. e5 h6 6. Bd2 Bxc3 7. bxc3 Ne4 8. Bd3
Nxd2 9. Qxd2 c5 10. f4 Nc6 11. Nf3 Qa5 12. Rd1 b6 13. O-O Ba6 14. f5 Bc8 15.
fxe6 Bxe6 16. Rb1 a6 17. Qe1 cxd4 18. cxd4 Qxe1 19. Rfxe1 b5 20. c3 Na5 21. a4
bxa4 22. Rb6 Nc4 23. Bxc4 dxc4 24. Ra1 Bd7 25. Nd2 Bb5 26. Ne4 O-O 27. Nc5 Rfb8
28. Nxa4 Rxb6 29. Nxb6 Rd8 30. Na4 f6 31. exf6 gxf6 32. Nc5 Kf7 33. Kf2 Kg6 34.
Re1 Rd6 35. Re7 f5 36. Kg3 Kg5 37. h4+ Kh5 38. Kf4 Kxh4 39. Re3 Kh5 40. Kxf5
Rd5+ 41. Ke6 Rg5 42. d5 Rxg2 43. d6 Rd2 44. d7 Bxd7+ 45. Nxd7 Rd3 46. Nf6+ Kg6
47. Re4 h5 48. Rxc4 Re3+ 49. Ne4 h4 50. Ke5 h3 51. Rc6+ Kg7 52. Rxa6 h2 53. Ra1
Rh3 54. Rh1 Kf8 55. Kf4 Ke7 56. Ng3 Kd6 57. Kg4 Rh8 58. Ne2 Kc5 59. Kg3 Kc4 60.
Rxh2 Re8 61. Kf3 Kd3 62. Kf4 Rf8+ 63. Ke5 Rf3 64. Kd5 Rf5+ 65. Kc6 Rf8 66. Rh4
Rc8+ 67. Kb7 Rc5 68. Rd4+ Kxe2 69. c4 Ke3 70. Rh4 Kd3 1/2-1/2